| 000 | 00538nam a22001457a 4500 | ||
|---|---|---|---|
| 082 | _a620.005 | ||
| 100 | _aSajjad, Ahmad | ||
| 245 |
_aAn impact analysis of agile and technology Management in public service sector for good governance in Pakistan / _cAhmad Sajjad. |
||
| 260 |
_aIslamabad: _bCEME - NUST, _c2017. |
||
| 300 |
_a150 p. : _bill. ; _c30cm. |
||
| 650 |
_aEngineering Management MS-Thesis. _916065 |
||
| 700 |
_aDr. Syed Tasweer Hussain Shah _934834 |
||
| 942 |
_2ddc _cTHE |
||
| 999 |
_c540683 _d540683 |
||